000 00615nam a22002537a 4500
003 UA-OsUOA
001 23532
007 ta
008 20040123b un ||||| |||| 00| 0 ukr d
100 _aКатвалюк А.Л.
090 _a330(477)
_bК29
942 _cBK
040 _aUA-OsUOA
_brus
_cUA-OsUOA
_dUA-OsUOA
245 _aСоциальные технологии
300 _a284 с.
955 _a0
041 _arus
080 _a330(477)
020 _a966-654-028-2
260 _aТернопіль
_bЕкономічна думка
_c2001
044 _aUA
650 7 _2UDC
999 _c309780
_d309780